Atenas 403. Una historia coral.
Guardat en:
| Autor principal: | |
|---|---|
| Altres autors: | , |
| Format: | Desconegut |
| Publicat: |
Madrid, España:
Siruela,
2023.
|
| Col·lecció: | Biblioteca de Ensayo (Serie Mayor) ;
|
| Matèries: | |
| Etiquetes: |
Afegir etiqueta
Sense etiquetes, Sigues el primer a etiquetar aquest registre!
|
MARC
| LEADER | 00000 a2200000 4500 | ||
|---|---|---|---|
| 003 | CL-VaPUC | ||
| 005 | 20240409101825.0 | ||
| 008 | 240318t2023 ||||| |||| 00| 0 eng d | ||
| 999 | |c 443149 |d 443147 | ||
| 020 | |a 978-84-19419-84-2 | ||
| 040 | |c Pontificia Universidad Católica de Valparaíso | ||
| 082 | 0 | 4 | |2 22 |a 938 AZO 2023 |
| 100 | 1 | |a Azoulay, Vincent |9 887587 |e autor | |
| 245 | 1 | 0 | |a Atenas 403. |b Una historia coral. |
| 260 | |a Madrid, España: |b Siruela, |c 2023. | ||
| 300 | |a 478 páginas. | ||
| 490 | 0 | |a Biblioteca de Ensayo (Serie Mayor) ; |n 133. | |
| 583 | |k GC |c 20240318 | ||
| 650 | 1 | |a Historia de Atenas |y 404 a.C.-403 a.C. |9 888062 | |
| 650 | 1 | |a Historia de Grecia |y 404 a.C.-403 a.C. |9 888061 | |
| 650 | 1 | |a Democracia |z Atenas |9 888063 | |
| 651 | |a Atenas |x Política y gobierno |9 874880 | ||
| 651 | |a Atenas |x Vida social y costumbres |9 888064 | ||
| 700 | |a Ismar, Paulin |e autor |9 887786 | ||
| 700 | |a Prieto Mori, Susana |e traducción del francés |9 888058 | ||
| 942 | |2 ddc |c BK | ||
| 952 | |0 0 |1 0 |2 ddc |4 0 |6 938_000000000000000_AZO_2023 |7 0 |8 A |9 593601 |a BIBHIS |b BIBHIS |d 2024-03-11 |e 3 |g 29991.00 |i 5660318 |l 1 |o 938 AZO 2023 |p 5660318 |r 2024-06-04 |s 2024-05-06 |t 1 |v 29991.00 |w 2024-03-11 |y BK |k HIS | ||